[Event "8th Dolomiti Open 2017"]
[Site "Forni di Sopra"]
[Date "2017.06.16"]
[Round "8.10"]
[White "Kiefer, Gerhard"]
[Black "Barp, Alberto"]
[Result "1/2-1/2"]
[WhiteElo "2259"]
[BlackElo "2233"]
[Annotator "TA"]
[PlyCount "144"]
[EventDate "2017.??.??"]
[EventType "swiss"]
[EventCountry "ITA"]
[SourceTitle "playchess.com"]
[Source "ChessBase"]
[SourceQuality "1"]

{[%evp 16,144,13,8,26,17,24,20,25,2,2,-7,-12,-13,17,16,13,-108,-102,-110,-10,-11,-14,-12,-11,-11,-16,-21,-10,-22,-21,-89,-19,-13,0,-25,-18,-24,-11,-13,0,-16,0,-14,0,-17,0,0,0,0,0,-1,0,0,0,-12,0,0,0,0,0,0,0,0,0,0,0,0,0,0,0,0,0,0,0,-8,-8,-8,-7,-8,-8,-8,-8,-8,0,0,0,-8,-8,-8,-8,-8,-8,-8,-8,-8,-8,-8,-8,-8,-8,-8,-8,-8,-8,-8,-8,-8,0,-8,-8,-8,-8,-8,-8,-8,-8,-8,0,0,0,0,0,-8,-8,-8,-8,-8,0,0,0]} 1. e4 e5 2. Nf3 Nc6 3. Bb5 a6 4. Ba4 Nf6 5. O-O Be7 6. Bxc6 dxc6 7. d3 Nd7 8. Nbd2 O-O 9. Nc4 Bd6 {C85: Closed Ruy Lopez: Deferred Exchange Variation} (9... f6 10. Nh4 Re8 11. Nf5 Bf8 12. f4 exf4 13. Bxf4 Nc5 14. Nce3 Ne6 15. Bg3 Nd4 16. Kh1 Nxf5 17. Nxf5 Be6 18. b3 {1-0 (57) Ivanchuk,V (2747)-Matlakov,M (2694) Doha 2016}) 10. b3 c5 11. Bb2 {[%cal Rf3e5]} f6 12. Qd2 $146 ({Predecessor:} 12. Nfd2 Nb8 13. f4 exf4 14. Nxd6 cxd6 15. Rxf4 Nc6 16. Nc4 {½-½ (54) Breder,D (2473)-Lehner,O (2407) Austria 2016}) 12... Nb8 13. Nh4 Nc6 14. f4 exf4 (14... b5 $5 {[%cal Rb5c4]} 15. Nxd6 cxd6 $11) 15. Nxd6 Qxd6 16. Nf5 (16. Rxf4 $11 {keeps the balance.} Nd4 17. Rf2) 16... Bxf5 $1 $17 17. exf5 Nd4 (17... Nb4 $1 $17 18. Rae1 Rfe8) 18. Bxd4 $1 $11 Qxd4+ 19. Qf2 $1 Qxf2+ 20. Rxf2 {[%mdl 4096] Endgame KRR-KRR} Rfe8 21. Rxf4 Re2 22. Rf2 Rae8 23. g4 {[#]} (23. Raf1 $11) 23... Kf7 (23... h5 $1 $17 {[%mdl 512]} 24. gxh5 Rxf2 25. Kxf2 Re5) 24. Raf1 h5 25. h3 R2e3 26. Rf3 hxg4 27. hxg4 {The position is equal.} Re2 28. R1f2 b5 29. a4 c6 (29... Re1+ {is interesting.} 30. Rf1 R1e5 31. Kg2 Ke7 32. Ra1 Kd6) 30. Rf4 R8e3 31. Rxe2 Rxe2 {KR-KR} 32. Rf2 Re3 33. Rg2 Ke7 (33... c4 $5) 34. Kf2 Rh3 35. g5 Kf7 36. Ke2 Rh5 37. gxf6 gxf6 38. axb5 cxb5 39. Rf2 Rh3 40. Rf1 Rh2+ 41. Ke3 Rxc2 42. Ra1 Rb2 43. Rxa6 Rxb3 {And now ...c4 would win.} 44. Ra7+ Kg8 {...c4 is the strong threat.} 45. Kd2 Rb2+ 46. Ke3 b4 47. Rc7 Rc2 48. Rb7 Rc3 49. Kd2 Ra3 50. Rb5 Rc3 51. d4 cxd4 {With the idea ...b3.} 52. Rxb4 Rf3 53. Rxd4 Rxf5 54. Ke3 Kf7 55. Rf4 (55. Ke2 {with more complications.} Rb5 56. Ra4 Rb2+ 57. Kf1 Rb3 58. Rg4) 55... Ra5 56. Kf3 Ra3+ 57. Kg4 Kg6 58. Rb4 Ra1 59. Kf4 Rf1+ 60. Kg3 Kg5 61. Rb5+ f5 {[%cal Bf6f5,Bf5f4][%mdl 32]} 62. Ra5 Rb1 63. Ra3 Rb4 64. Rc3 Rg4+ 65. Kf3 Rh4 {( -> ...Rh3+)} 66. Kg3 f4+ 67. Kg2 Rh8 68. Ra3 Kg4 69. Kf2 Rh2+ 70. Kg1 Rc2 71. Kf1 f3 {aiming for ...Kg3.} 72. Ra8 Kg3 {Precision: White = 56%, Black = 43%.} 1/2-1/2

[Event "8th Dolomiti Open 2017"]
[Site "Forni di Sopra"]
[Date "2017.06.16"]
[Round "8.12"]
[White "Remille, Tristan"]
[Black "Sgircea, Silvia-Raluca"]
[Result "1/2-1/2"]
[WhiteElo "2309"]
[BlackElo "2208"]
[Annotator "TA"]
[PlyCount "91"]
[EventDate "2017.??.??"]
[EventType "swiss"]
[EventCountry "ITA"]
[SourceTitle "playchess.com"]
[Source "ChessBase"]
[SourceQuality "1"]

{[%evp 22,91,38,55,66,30,61,30,76,67,66,40,43,39,60,50,40,-20,43,-16,38,38,39,-5,30,34,43,29,29,14,53,47,54,63,54,56,47,33,56,49,58,20,20,0,0,-363,-25,-108,36,41,82,25,38,45,58,0,8,0,0,0,0,0,0,0,0,0,6,-9,-16,-7,-2,-8]} 1. e4 c5 2. Nf3 Nc6 3. d4 cxd4 4. Nxd4 g6 5. c4 Nf6 6. Nc3 d6 7. Nc2 Bg7 8. Be2 O-O 9. O-O Be6 10. Be3 Rc8 11. b3 Qa5 12. Bd2 Nd7 {B37: Sicilian: Maroczy Bind with 5...Bg7, sidelines} 13. Qe1 $146 ({Predecessor:} 13. Nd5 Qd8 14. Bc3 Nce5 15. f4 Nc6 16. Bxg7 Kxg7 17. Qd2 Bxd5 18. exd5 Qa5 19. Qe3 Ncb8 20. Nd4 {1-0 (72) Ljangov,P (2124)-Radulov,I (2303) Sofia 2009}) 13... Qb6 14. Rd1 Nd4 {White has an edge.} 15. Nxd4 Qxd4 16. Kh1 Nc5 17. f3 Rfe8 18. Nb5 Qb2 19. Nc3 (19. Bc3 $1 $14 Bxc3 20. Nxc3) 19... Qa3 (19... Bxc3 $11 20. Bxc3 Qxa2) 20. Rb1 ({Better is} 20. f4 $14) 20... a5 (20... Bxc3 $11 21. Bxc3 Qxa2) 21. Qd1 $14 a4 22. Qc2 (22. Bc1 $5 {[%cal Rc1a3]} Qb4 23. Nb5 axb3 24. axb3 $11) 22... axb3 (22... Bxc3 $5 23. Bxc3 b5 $11) 23. axb3 Na6 24. Nb5 Qc5 {aiming for ...Qxb5!} 25. Qc1 (25. Bc3 {with more complications.} Bxc3 26. Nxc3 b5 27. b4 Nxb4 28. Qb2) 25... Ra8 26. Be3 Qc6 27. Nd4 Qd7 28. Qd2 Rec8 29. Rfc1 Nc7 30. b4 Qa4 31. c5 dxc5 32. bxc5 Rd8 $1 {[%cal Rg7d4]} 33. Rd1 $2 {[%mdl 8192] [#]} (33. Rb4 $11 Qa3 34. c6 bxc6 35. Rxc6) 33... Ba2 $2 (33... Bxd4 $1 $19 34. Bxd4 Bb3 35. Rxb3 Qxb3) 34. Rb4 {[#]} (34. Rxb7 $11 {remains equal.} Bxd4 35. Bxd4) 34... Qe8 (34... Qa3 $1 $17 {Hoping for ...e5.} 35. f4 (35. Rxb7 $2 Ne6 $19) 35... e5 36. fxe5 Ne6) 35. Qc1 Rab8 36. Rb6 ({White should try} 36. f4 $16) 36... Ne6 {[%cal Rg7d4]} 37. Bb5 Qf8 {[%cal Re6d4]} 38. Nxe6 Bxe6 {The position is equal.} 39. Re1 Ra8 40. Bf1 Ra1 41. Rb1 Rda8 42. Qd2 R8a2 (42... R1a2 $5 {[%cal Ra2d2]} 43. Qb4 Bc8 $14) 43. Qb4 Qa8 44. Rxa1 (44. c6 $5 Rxb1 45. Rxb1 bxc6 46. Qb8+ Bc8 47. Qc7 $14) 44... Rxa1 45. Rxa1 Qxa1 46. Qb5 {Precision: White = 37%, Black = 36%.} 1/2-1/2